000
00283nam a22001337a 4500
008
180131b xxu||||| |||| 00| 0 eng d
020
_a
021692036955
041
_a
eng
080
_a
574
100
_a
9
101
_a
mje
245
_a
texas gardenning
_c
pope.b.j
942
_2
udc
_c
BK
999
_c
41329
_d
41329